000 00959nam a22002651u 4500
001 12636
003 HDC
007 cr bn ---
008 210209p2001 my eng
040 _aHDC
100 _aChan, Chee Sheng,
_eauthor
_912907
245 0 _aSubsurface drainage effect on soil and rice crop /
_cby Chan Chee Sheng and Cheong Ah Wah
260 _aSerdang :
_bMalaysian Agricultural Research and Development Institute (MARDI),
_c2001
300 _a1 page
336 _atext
_2rdacontent
337 _acomputer
_2rdamedia
338 _aonline resource
_2rdacarrier
650 _aProductive rice yield
_913399
650 _aSoil bearing capacity
_913400
650 _aSubsurface drainage system
_913398
856 _zRequest full-text at [email protected]
942 _2lcc
942 _cAR
942 _kJART 003182
999 _c9959
_d9959